Aprender Italiano color - Estadísticas

Estadísticas generales
  • Esta prueba ha sido intentada 45 veces
  • La puntuación promedio es 9 de 13
Estadísticas de respuestas
Español Italiano % Correcto
Blanco Bianco
94%
Azul Blu
94%
Verde Verde
91%
Negro Nero
89%
Rojo Rosso
89%
Rosa Rosa
86%
Marrón Marrone
80%
Amarillo Giallo
51%
Gris Grigio
51%
Naranja Arancia
37%
Azul claro Azzurro
34%
Púrpura Viola
34%
Azul oscuro Blu scuro
23%
No se encontraron pruebas coincidentes
Distribución de puntuación
Porcentaje de gente con cada puntuación
Porcentaje por número respondido
Historial de tus puntuaciones
No has intentado esta prueba.